[Event "ch-MNE w"]
[Site "Cetinje MNE"]
[Date "2007.07.24"]
[Round "5"]
[White "Vojinovic,J"]
[Black "Vujacic,Br"]
[Result "1-0"]
[WhiteElo "2217"]
[BlackElo "1903"]

1.d4 d5 2.Nf3 Nf6 3.c4 c6 4.Qc2 g6 5.Bf4 Bg7 6.e3 Nbd7 7.h3 O-O 8.Nc3 Nb6
9.c5 Nbd7 10.b4 b6 11.cxb6 Nxb6 12.Be2 Bf5 13.Qb3 Be4 14.O-O Bxf3 15.Bxf3 Nc4
16.Rfd1 Nd6 17.Qa4 Qd7 18.Be5 Nc4 19.Rdc1 Nxe5 20.dxe5 Ne4 21.Nxe4 dxe4 22.Bxe4 Bxe5
23.Bxc6 Qe6 24.Bxa8 Bxa1 25.Bf3 Be5 26.Qxa7 Rb8 27.a3 Rb6 28.Qa8+ Kg7 29.Rc5 Bd6
30.Ra5 Qc4 31.g3 Qc1+ 32.Kg2 Rb8 33.Qc6 Qb2 34.Qc4 Be5 35.Ra7 Bf6 36.Bd5 Rd8
37.b5 h5 38.h4 Rd6 39.a4 Qe5 40.e4 e6 41.Qc7 Kh6 42.Qxf7 Bg7 43.Bc6 Rd2 44.a5 Qb2
45.Re7 Rd6  1-0

[Event "ITT"]
[Site "Vicente Lopez ARG"]
[Date "2007.07.24"]
[Round "2"]
[White "Granara Barreto,S"]
[Black "Della Morte,P"]
[Result "0-1"]
[WhiteElo "2242"]
[BlackElo "2283"]

1.d4 d5 2.Nf3 Nf6 3.c4 c6 4.g3 dxc4 5.Qc2 e6 6.Bg2 b5 7.O-O Bb7 8.Rd1 Be7
9.Ne5 O-O 10.a4 Nd5 11.b3 cxb3 12.Qxb3 a6 13.e4 Nb6 14.Be3 N8d7 15.Nxd7 Qxd7
16.axb5 cxb5 17.d5 Nc4 18.Nd2 Nxe3 19.Qxe3 exd5 20.Nb3 d4 21.Rxd4 Qe6 22.Rd3 Rac8
23.Rad1 g6 24.Qa7 Rc7 25.Qe3 Rfc8 26.h4 b4 27.h5 Rc3 28.Na5 Ba8 29.hxg6 hxg6
30.Qa7 Rxd3 31.Rxd3 Bc5 32.Qd7 Qxd7 33.Rxd7 Bb6 34.Nb3 a5 35.e5 a4 36.Bxa8 Rxa8  0-1

[Event "Arximiro Penide Cedeira Mem"]
[Site "Arteixo ESP"]
[Date "2007.07.26"]
[Round "1"]
[White "Manolache,M"]
[Black "Garcia Iturriaga,M"]
[Result "1-0"]
[WhiteElo "2528"]
[BlackElo "1961"]

1.d4 Nf6 2.Nf3 d5 3.c4 c6 4.Qc2 g6 5.Bf4 Bg7 6.cxd5 Nxd5 7.Bd2 Nf6 8.e4 O-O
9.h3 Nbd7 10.Bc3 Qc7 11.Nbd2 Nb6 12.Be2 Bd7 13.a4 Rad8 14.a5 Nc8 15.O-O Rfe8
16.Rac1 Qf4 17.Ne5 Nd6 18.Nxd7 Nxd7 19.g3 Qh6 20.e5 Nf5 21.Bg4 e6 22.Nf3 Bf8
23.a6 bxa6 24.Bd2 Qg7 25.Bxf5 gxf5 26.Qxc6 Nb6 27.Qb7 Nd5 28.Qxa6 h5 29.Kh2 Be7
30.Qxa7 Kh7 31.b4 Ra8 32.Qd7 Red8 33.Qb5 Ra3 34.Qe2 Rg8 35.Rg1 Nxb4 36.Bxb4 Bxb4
37.Rc7 Rga8 38.Rxf7 Ra2 39.Rxg7+ Kxg7 40.Qe3 R8a3 41.Qg5+ Kf8 42.Qf6+ Ke8
43.Qxe6+ Be7 44.Rf1 Rxf3 45.Qc6+  1-0

[Event "IGM"]
[Site "Stara Pazova SRB"]
[Date "2007.07.26"]
[Round "2"]
[White "Kosic,D"]
[Black "Matovic,P"]
[Result "1-0"]
[WhiteElo "2501"]
[BlackElo "2203"]

1.d4 Nf6 2.Nf3 d5 3.c4 c6 4.Nbd2 Bf5 5.Nh4 Bg6 6.Nxg6 hxg6 7.e3 e6 8.a3 Bd6
9.g3 Nbd7 10.Bg2 a5 11.b3 b5 12.O-O O-O 13.e4 Be7 14.e5 Nh7 15.Qe2 Qb6 16.c5 Qa6
17.Bb2 Rfe8 18.f4 Ndf8 19.g4 Qc8 20.Qd3 Bd8 21.Rae1 Ra7 22.Nf3 Qd7 23.Bc1 Qc8
24.Bh3 Qb7 25.Rf2 Qc7 26.Qc2 Be7 27.Bf1 Qd8 28.Rg2 Kh8 29.Bd3 Qc7 30.h4 Bd8
31.g5 Kg8 32.Kf2 Re7 33.Rh1 Qd7 34.h5 Qe8 35.Rgh2 a4 36.b4  1-0

[Event "TIPC"]
[Site "Charleroi BEL"]
[Date "2007.07.27"]
[Round "1"]
[White "Eliet,N"]
[Black "Georgiev,Vl"]
[Result "1/2-1/2"]
[WhiteElo "2454"]
[BlackElo "2567"]

1.d4 d5 2.c4 c6 3.Nf3 Nf6 4.Qc2 g6 5.Bf4 dxc4 6.Qxc4 Be6 7.Qc1 Bg7 8.Nc3 Bc4
9.Bh6 O-O 10.e4 Bxf1 11.Kxf1 Qb6 12.Bxg7 Kxg7 13.g3 c5 14.d5 Nbd7 15.Kg2 c4
16.Qd2  1/2-1/2

[Event "IMA"]
[Site "Dimitrov RUS"]
[Date "2007.07.27"]
[Round "10"]
[White "Shefer,A"]
[Black "Kavalenia,L"]
[Result "0-1"]
[WhiteElo "2075"]
[BlackElo "2289"]

1.d4 d5 2.c4 c6 3.Nf3 Nf6 4.Qc2 g6 5.cxd5 cxd5 6.Nc3 Nc6 7.Bf4 Bg7 8.e3 O-O
9.Bb5 Bf5 10.Qa4 Qb6 11.O-O Rfc8 12.Ne5 a6 13.Bxc6 bxc6 14.Qa3 Qa7 15.Na4 Nh5
16.Rac1 Nxf4 17.exf4 Bxe5 18.dxe5 Rab8 19.Rc5 a5 20.Nc3 d4 21.Rxa5 Qb6 22.Nd1 c5
23.b3 c4 24.bxc4 Rxc4 25.Ra4 Rxa4 26.Qxa4 Qc5 27.Qa6 Rb1 28.Qe2 Qc2 29.Qf3 Bd3
30.Re1 Qd2  0-1

[Event "Siberia A"]
[Site "Novosibirsk RUS"]
[Date "2007.07.28"]
[Round "10"]
[White "Kaiyrbekov,R"]
[Black "Verzhansky,A"]
[Result "1-0"]
[WhiteElo "2293"]
[BlackElo "2361"]

1.d4 d5 2.Nf3 Nf6 3.c4 c6 4.Qc2 dxc4 5.e4 b5 6.b3 cxb3 7.axb3 e6 8.Bd2 Bb7
9.Ba5 Qc8 10.Bd3 Na6 11.Qd2 Be7 12.b4 O-O 13.Qb2 Rd8 14.Nbd2 Qd7 15.Ra3 Qe8
16.O-O Rdc8 17.Rb1 Qf8 18.Ne5 Nb8 19.Bc2 Nbd7 20.Nef3 Nb6 21.Qc3 Ba6 22.Ne5 Nc4
23.Ndxc4 bxc4 24.Nxc4 Rab8 25.Ne5 Bb5 26.Qh3 g6 27.Rf3 Be2 28.Re3 Ba6 29.Rf3 Be2
30.Re3 Ba6 31.Reb3 Rb7 32.Qc3 Bb5 33.R3b2 Nd7 34.Nd3 Bf6 35.Bb3 Qg7 36.e5 Be7
37.h3 Qf8 38.Nc5 Nxc5 39.dxc5 Rd7 40.Rd2 Rd5 41.Bxd5 cxd5 42.Qd4 Qe8 43.c6 Qxc6
44.Qxa7 Bg5 45.Rdd1 Qc2 46.Qb7 Be2 47.Re1 Bd2 48.Rb2 Qc1 49.Rxc1 Rxc1+ 50.Kh2 Bf4+
51.g3  1-0

[Event "Open Women Bulgarian Ch"]
[Site "Vratsa BUL"]
[Date "2007.07.28"]
[Round "5"]
[White "Chilingirova,P"]
[Black "Raeva,E"]
[Result "1-0"]
[WhiteElo "2189"]
[BlackElo "2215"]

1.d4 d5 2.c4 c6 3.Nf3 Nf6 4.Qc2 g6 5.Bf4 Bg7 6.e3 O-O 7.Nc3 a6 8.c5 b6 9.cxb6 Qxb6
10.Nd2 Nh5 11.Bg5 e5 12.dxe5 Bxe5 13.Be2 Ng7 14.O-O Nf5 15.Nf3 Bg7 16.g4 Nh6
17.h3 f5 18.Na4 Qa7 19.Nh2 fxg4 20.hxg4 Nf7 21.Bf4 Ne5 22.Rfd1 Nbd7 23.Rac1 Rb8
24.b3 Rb4 25.Nc5 Rbxf4 26.exf4 Rxf4 27.Nd3 Nxd3 28.Bxd3 Ne5 29.Qc5 Qf7 30.Be2 Bf8
31.Qb6 Qf6 32.Rxd5 Bxg4 33.Rxe5 Bxe2 34.Rxe2 Qg5+ 35.Kh1 Rh4 36.f4 Qxf4 37.Rcc2 Qf1+
38.Qg1 Qf3+ 39.Qg2 Qf6 40.Rf2 Qe5 41.Rce2 Qc3 42.Rxf8+ Kxf8 43.Qf2+ Kg7 44.Qxh4  1-0

[Event "US Open"]
[Site "Cherry Hill USA"]
[Date "2007.07.31"]
[Round "4"]
[White "Enhbat,T"]
[Black "Rinaldo,J"]
[Result "0-1"]
[WhiteElo "2371"]
[BlackElo "2039"]

1.d4 d5 2.Nf3 Nf6 3.c4 c6 4.Qc2 Bg4 5.Ne5 dxc4 6.Nxg4 Nxg4 7.h3 Nf6 8.Qxc4 Nbd7
9.Nc3 e5 10.Be3 Qa5 11.Bd2 exd4 12.Qxd4 Bc5 13.Qh4 Qb4 14.Qxb4 Bxb4 15.a3 Ba5
16.O-O-O O-O-O 17.Kc2 Rhe8 18.e3 Bc7 19.b4 Nb6 20.Be2 Nbd5 21.Bf3 Nxc3 22.Bxc3 Rxd1
23.Rxd1 Be5 24.Be1 Kc7 25.Kb3 Rd8 26.Rxd8 Kxd8 27.b5 cxb5 28.Bxb7 Kc7 29.Ba8 Kb6
30.a4 a5 31.f4 Bd6 32.Bf3 b4 33.Kc4 Bc5 34.Bd2 Bf8 35.e4 Nd7 36.e5 Nc5 37.Be3 b3
38.Be4 b2 39.g4 Be7 40.f5 g6 41.f6 Bf8 42.Kd5 g5 43.Bxh7  0-1

[Event "Open NK"]
[Site "Dieren NED"]
[Date "2007.08.02"]
[Round "9"]
[White "Ernst,S"]
[Black "Van Delft,M"]
[Result "1-0"]
[WhiteElo "2555"]
[BlackElo "2408"]

1.d4 d5 2.c4 c6 3.Nf3 Nf6 4.Nbd2 Bf5 5.g3 h6 6.a3 e6 7.Bg2 Nbd7 8.O-O Bd6
9.b4 a6 10.Bb2 O-O 11.Ne5 Qc7 12.Nxd7 Nxd7 13.Rc1 Qb8 14.e4 dxe4 15.Nxe4 Bxe4
16.Bxe4 Nf6 17.Bg2 Rd8 18.Qe2 Be7 19.Rfd1 Rd7 20.d5 cxd5 21.cxd5 exd5 22.Be5 Qf8
23.Bh3 Rdd8 24.Qf3 b5 25.Bc7 Re8 26.Rc6 Bd8 27.Bd6 Be7 28.Be5 a5 29.Rd4 axb4
30.axb4 Ne4 31.Bd7 Red8 32.Rxd5 Nf6 33.Bxf6 Bxf6 34.Qg4 Qe7 35.Rc1 h5 36.Qf3 Ra1
37.Rxa1 Bxa1 38.Bxb5 Rxd5 39.Qxd5 Bc3 40.Bd3 Qe1+ 41.Kg2 Bxb4 42.Qxh5 Qd2
43.Qh7+ Kf8 44.Qh8+ Ke7 45.Qh4+ g5 46.Qe4+ Kf8 47.Bc4 Qd6 48.Bd5 Qe7 49.Qd4 Kg8
50.Qg4 Bd2 51.h4 Kh7 52.Qd1  1-0

[Event "MTO"]
[Site "Biel SUI"]
[Date "2007.08.03"]
[Round "11"]
[White "Deepan,C"]
[Black "Suvrajit,S"]
[Result "1-0"]
[WhiteElo "2479"]
[BlackElo "2405"]

1.d4 d5 2.Nf3 Nf6 3.c4 c6 4.Qb3 dxc4 5.Qxc4 Bf5 6.g3 e6 7.Bg2 Qa5+ 8.Nc3 b5
9.Qb3 b4 10.Nb1 Be7 11.Nbd2 O-O 12.Nh4 Bg4 13.h3 Bh5 14.g4 Nfd7 15.Nc4 Qb5
16.a4 Qb7 17.gxh5 Bxh4 18.h6 g6 19.Bf4 a5 20.Rc1 Nb6 21.Nxb6 Qxb6 22.Qe3 Rd8
23.Rc4 Be7 24.h4 Bf8 25.h5 Re8 26.hxg6 fxg6 27.Bh3 c5 28.d5 e5 29.Bxe5 Qb7
30.Qe4 Ra6 31.Be6+ Raxe6 32.dxe6 Qxe4 33.Rxe4 Rxe6 34.Rhh4 Nd7 35.Bc7 Rc6
36.Bd8 Rc8 37.Be7 Nb6 38.Bxf8 Rxf8 39.Re5 Nxa4 40.b3 Nc3 41.Rxc5 Rd8 42.f3 Re8
43.Rxa5 Nxe2 44.Kf2 Nc1 45.Rd5 Rb8 46.Re4 Nxb3 47.Rd7 Na5 48.Rg7+  1-0

[Event "Scandinavian Chess Tournament"]
[Site "Taby SWE"]
[Date "2007.08.04"]
[Round "1"]
[White "Agrest,E"]
[Black "Hammar,U"]
[Result "1-0"]
[WhiteElo "2541"]
[BlackElo "2161"]

1.Nf3 d5 2.d4 Nf6 3.c4 c6 4.Qb3 Qb6 5.Nc3 Na6 6.c5 Qxb3 7.axb3 g6 8.Bf4 Bg7
9.e3 Nh5 10.Bxa6 bxa6 11.Bc7 Kd7 12.Ba5 Ke8 13.h3 Nf6 14.Bc7 Nd7 15.Ra4 f6
16.Na2 Nb8 17.Nb4 Kd7 18.Bg3 Re8 19.Nd3 e6 20.Rb4 a5 21.Rxb8 Rxb8 22.Bxb8 Ba6
23.Nde5+ fxe5 24.Bxe5 Bxe5 25.Nxe5+ Kc7 26.Kd2 Rb8 27.Kc3  1-0

[Event "Jihlavanka Cup GMB"]
[Site "Olomouc CZE"]
[Date "2007.08.05"]
[Round "6"]
[White "Lechtynsky,J"]
[Black "Hasangatin,R"]
[Result "0-1"]
[WhiteElo "2447"]
[BlackElo "2476"]

1.d4 d5 2.c4 dxc4 3.Nf3 c6 4.e3 Be6 5.a4 Nf6 6.Na3 c5 7.Bxc4 Bxc4 8.Nxc4 cxd4
9.exd4 e6 10.O-O Nc6 11.Qb3 Bb4 12.a5 O-O 13.Bg5 Rb8 14.Bxf6 Qxf6 15.Rfd1 Rfd8
16.d5 exd5 17.Ne3 d4 18.Nc4 Rbc8 19.Rd3 Qe7 20.h4 h6 21.Nce5 Nxa5 22.Qd1 Rc5
23.Ng4 Qe4 24.Ne3 Nc6 25.Nf1 Rcd5 26.Ng3 Qe7 27.Qb3 a5 28.Rad1 b5 29.Qc2 Ne5
30.Nxe5 Qxe5 31.Rf3 Qe6 32.Qd3 Re8 33.Nf5 Qe4 34.h5 Qxd3 35.Rdxd3 Bc5 36.Kf1 a4
37.g4 b4 38.Rd1 Re4 39.Rfd3 a3 40.f3 Re8 41.bxa3 bxa3 42.Rb1 Ra8 43.Ra1 a2
44.Ke2 Bb4 45.Rb3 Re5+ 46.Kd3 Bc3  0-1

[Event "GM"]
[Site "Dubna RUS"]
[Date "2007.08.06"]
[Round "5"]
[White "Rakhmanov,A"]
[Black "Kupreichik,V"]
[Result "1/2-1/2"]
[WhiteElo "2489"]
[BlackElo "2384"]

1.d4 d5 2.c4 dxc4 3.Nf3 c6 4.e3 Be6 5.a4 Nf6 6.Nc3 g6 7.e4 Bg7 8.Ng5 Qd7
9.Nxe6 Qxe6 10.Qe2 Na6 11.Qxc4 Qxc4 12.Bxc4 Nb4 13.Bb3 c5 14.dxc5 Nd7 15.Ke2 Nxc5
16.Bc4 Nc2 17.Rb1 Nd4+ 18.Kf1 Rc8 19.Be3 Ncb3 20.Bd3 Nc5 21.Bc4 Ncb3  1/2-1/2

[Event "Open"]
[Site "Kavala GRE"]
[Date "2007.08.06"]
[Round "3"]
[White "Halkias,S"]
[Black "Danielian,E"]
[Result "1-0"]
[WhiteElo "2580"]
[BlackElo "2439"]

1.d4 d5 2.c4 dxc4 3.Nf3 c6 4.e3 Be6 5.Nbd2 b5 6.a4 Qa5 7.Be2 Nf6 8.O-O Nbd7
9.Ng5 Bf5 10.e4 Bg6 11.e5 h6 12.Nxf7 Kxf7 13.exf6 gxf6 14.Bh5 f5 15.Bxg6+ Kxg6
16.Ra3 Nf6 17.Rg3+ Kh7 18.Qc2 b4 19.Nxc4 Qd5 20.Ne3 Qe4 21.Qc4 Nd5 22.Qxc6 Nf4
23.Qc4 Bg7 24.Re1 Rac8 25.Qf7 Rhg8 26.Bd2 Rcf8 27.Qc4 Bxd4 28.Qf1 Qd3 29.Bxb4 Qxf1+
30.Nxf1 Rxg3 31.Nxg3 Nd3 32.Rxe7+ Kg6 33.Bc3 Bxf2+ 34.Kf1 Bxg3 35.hxg3 Rb8
36.Rxa7 Nxb2 37.a5 Rb3 38.Ra6+ Kh5 39.Bd2 f4 40.Bxf4 Nd3 41.Rxh6+ Kg4 42.Bd6 Rb2
43.Rh4+ Kf5 44.Rd4 Rb1+ 45.Ke2 Nc1+ 46.Ke3 Ra1 47.Rd1  1-0

[Event "Open"]
[Site "Olomouc CZE"]
[Date "2007.08.06"]
[Round "6"]
[White "Johansson,Ja SWE"]
[Black "Cerveny,M"]
[Result "1-0"]
[WhiteElo "2441"]
[BlackElo "2304"]

1.d4 d5 2.c4 c6 3.Nf3 Nf6 4.Qc2 dxc4 5.Qxc4 Bf5 6.Nc3 e6 7.g3 Nbd7 8.Bg2 Be7
9.O-O O-O 10.Re1 b5 11.Qxc6 b4 12.Nb1 Qa5 13.Nbd2 Rac8 14.Nb3 Qd8 15.Qa6 Be4
16.Bg5 Rc2 17.Nbd2 Bxf3 18.Nxf3 Rxb2 19.Qxa7 Qb6 20.Qa4 b3 21.axb3 Rxb3 22.Qa7 Qb5
23.Bxf6 Bxf6 24.e3 Rb2 25.Ra5 Qb4 26.Ra2 Rb1 27.Rxb1 Qxb1+ 28.Bf1 Rd8 29.Nd2 Qb4
30.Ne4 Be7 31.Ra4 Qb1 32.Nc3 Qe1 33.Rc4 Bf8 34.Ne4 Ne5 35.dxe5 Rd1 36.Nd2 Qxd2
37.Rf4 Qd7 38.Qxd7 Rxd7 39.Rc4 Rd5 40.f4 Rd2 41.g4 h6 42.Rc8 g6 43.Bc4 Kg7
44.Rc7 Rc2 45.e4 Bb4 46.f5 gxf5 47.exf5 Rc1+ 48.Kg2 Re1 49.Bxe6 Rxe5 50.Rxf7+ Kh8
51.Kf3 Be1 52.Rb7 Bh4 53.Bf7 Re7 54.Rb8+ Kg7 55.Be6 Kf6 56.Ke4 Rg7 57.h3 Ra7
58.Rg8 Ra4+ 59.Kd5 Ra5+ 60.Kc6 Ra6+ 61.Kb5 Ra3 62.Rg6+ Ke5 63.Rxh6 Rxh3 64.g5 Rh2
65.Rh5 Kf4 66.g6 Rb2+ 67.Kc6 Bf6 68.Rh1 Rd2 69.Rh7 Rg2 70.Kd6 Rg1 71.Rf7 Rd1+
72.Kc6 Ke5 73.Rb7 Rc1+ 74.Kd7 Bg7 75.Ke8  1-0

[Event "Scandinavian Chess Tournament"]
[Site "Taby SWE"]
[Date "2007.08.06"]
[Round "4"]
[White "Astrom,R"]
[Black "Wallin,P"]
[Result "1-0"]
[WhiteElo "2427"]
[BlackElo "2085"]

1.d4 d5 2.c4 c6 3.Nf3 Nf6 4.Qc2 dxc4 5.Qxc4 Bf5 6.g3 g6 7.Bg2 Bg7 8.O-O O-O
9.Nc3 Nbd7 10.e3 Qc8 11.Qe2 Ne4 12.Nd2 Nxd2 13.Bxd2 e5 14.d5 Nc5 15.dxc6 bxc6
16.e4 Be6 17.Be3 Nd7 18.Rac1 Qb7 19.b3 Nb6 20.Rc2 Rac8 21.Rfc1 Rfd8 22.Bf1 Rc7
23.Qa6 Qxa6 24.Bxa6 Bh3 25.Bf1 Bxf1 26.Kxf1 Bf8 27.Nb5 Rcd7 28.Rxc6 Rd1+
29.Rxd1 Rxd1+ 30.Ke2 Ra1 31.Rc2 a6 32.Nc7  1-0

[Event "Open"]
[Site "Dubna RUS"]
[Date "2007.08.07"]
[Round "7"]
[White "Zasypkin,Alexe"]
[Black "Veliev,G"]
[Result "1/2-1/2"]
[WhiteElo "2103"]
[BlackElo "2241"]

1.d4 d5 2.c4 c6 3.Nf3 Nf6 4.g3 dxc4 5.Qc2 b5 6.Bg2 Bb7 7.O-O Na6 8.Bd2 e6
9.Ne5 Qxd4 10.Nxc6 Qb6 11.Ba5 Qc5 12.Nb4 Nxb4 13.Bxb4 Qc8 14.Bxf8 Kxf8 15.e4 h5
16.a4 a6 17.axb5 axb5 18.Nc3 Bc6 19.b3 b4 20.Na2 cxb3 21.Qxb3 Rb8 22.Rac1 Qb7
23.Rc4 Qa8 24.Rxb4 Ke7 25.Nc3 Rhd8 26.Rb1 Nd7 27.Qc4 Rbc8 28.Nb5 Bxb5 29.Qxb5 Rc5
30.Qd3 Qc6 31.Rd1 Rc1 32.Rb1 Rxb1 33.Qxb1  1/2-1/2

[Event "Scandinavian Chess Tournament"]
[Site "Taby SWE"]
[Date "2007.08.07"]
[Round "6"]
[White "Agrest,E"]
[Black "Couso,L"]
[Result "1-0"]
[WhiteElo "2541"]
[BlackElo "2358"]

1.Nf3 d5 2.d4 c6 3.c4 dxc4 4.e3 Be6 5.Be2 Nf6 6.O-O g6 7.a4 Bg7 8.Na3 O-O
9.Nxc4 c5 10.dxc5 Nc6 11.Nd4 Nxd4 12.exd4 Nd5 13.Ra3 Qc7 14.f4 Rfd8 15.Ne5 b6
16.cxb6 Qxb6 17.a5 Qc7 18.Ra4 Qd6 19.Kh1 Rab8 20.Bd2 Nf6 21.Qc1 Rdc8 22.Bc3 Bb3
23.Ra3 e6 24.Bd1 Bxd1 25.Qxd1 Qd5 26.Qd3 Ne4 27.Kg1 f5 28.Nf3 Bf8 29.Raa1 Bb4
30.Bxb4 Rxb4 31.Rac1 Rxc1 32.Rxc1 Qxa5 33.h3 Rb8 34.Qc4 Qb6 35.Kh2 Qd6 36.Ne5 Nf6
37.Qa4 Qb6 38.Rc6 Qxb2 39.Qxa7 Rf8 40.Rc8  1-0

[Event "Open"]
[Site "Callao PER"]
[Date "2007.08.08"]
[Round "1"]
[White "Moreno,W"]
[Black "Escobar Forero,A"]
[Result "0-1"]
[WhiteElo "2194"]
[BlackElo "2477"]

1.d4 d5 2.c4 c6 3.Nf3 Nf6 4.Qc2 e6 5.g3 Be7 6.Bg2 O-O 7.O-O Nbd7 8.Nbd2 b6
9.b3 Bb7 10.Bb2 Rc8 11.e4 c5 12.exd5 exd5 13.Qf5 dxc4 14.Nxc4 b5 15.Ne3 Nb6
16.Rfd1 Be4 17.Qf4 c4 18.Rac1 Nbd5 19.Nxd5 Qxd5 20.bxc4 bxc4 21.Ne1 Bd6 22.Qh4 Rfe8
23.Bf1 h5 24.Nc2 Ng4 25.Qh3 Qf5  0-1

[Event "ch-Euro Rapid Women"]
[Site "Predeal ROM"]
[Date "2007.08.08"]
[Round "1"]
[White "Chirita,A"]
[Black "Hryhorenko,N"]
[Result "0-1"]
[WhiteElo "2056"]
[BlackElo "2346"]

1.d4 d5 2.c4 c6 3.Nf3 Nf6 4.Qc2 g6 5.e3 Bg7 6.Nc3 O-O 7.Bd3 Nbd7 8.cxd5 cxd5
9.O-O a6 10.Bd2 Re8 11.Rac1 e5 12.dxe5 Nxe5 13.Nxe5 Rxe5 14.Ne2 Ne4 15.Bb4 Bf5
16.Ng3 Nxg3 17.hxg3 Rc8 18.Qb3 Be6 19.Rxc8 Qxc8 20.Qc3 Qd7 21.Qc2 h5 22.Bc3 Rg5
23.Bxg7 Kxg7 24.Rc1 d4 25.exd4 Qxd4 26.Qc3 Qxc3 27.Rxc3 Bxa2 28.Rc7 Bd5 29.b4 Re5  0-1

[Event "ch-Euro Rapid Women"]
[Site "Predeal ROM"]
[Date "2007.08.08"]
[Round "3"]
[White "Chirita,A"]
[Black "Raeva,E"]
[Result "1/2-1/2"]
[WhiteElo "2056"]
[BlackElo "2215"]

1.d4 d5 2.c4 c6 3.Nf3 Nf6 4.Qc2 g6 5.e3 Bg7 6.Nc3 O-O 7.Bd3 Nbd7 8.cxd5 cxd5
9.O-O a6 10.Bd2 b5 11.Rac1 Nb6 12.Ne2 Bg4 13.Qc7 Ne4 14.Bb4 Nc4 15.Qxd8 Rfxd8
16.Bxc4 bxc4 17.Bxe7 Re8 18.Bb4 a5 19.Bc3 a4 20.h3 Be6 21.a3 Rab8 22.Rc2 Bf5
23.g4 Nxc3 24.Rxc3 Bd3 25.Re1 Rxb2 26.Nf4 Be4 27.Ng5 Rb3 28.Nxe4 dxe4 29.Rxc4 Rxa3
30.Nd5 Ra2 31.Rec1 a3 32.Nc3 Rb2 33.Ra4 Bf8 34.Ra1 f5 35.gxf5 gxf5 36.Nb1 f4
37.Nxa3 fxe3 38.fxe3 Bh6 39.Nc4 Rc2 40.R1a2 Rc1+ 41.Kh2 Kh8 42.Re2 Rc3 43.Nd6 Rf8
44.Nxe4 Rxe3 45.Rxe3 Bxe3 46.d5 Re8 47.Nf6 Rd8 48.Re4 Bg5 49.Re8+ Rxe8 50.Nxe8 Kg8
51.Kg3 Bd8 52.Kg4 Kf8 53.Nd6 Ke7 54.Nf5+ Kf6 55.h4 Ke5 56.d6 h5+ 57.Kxh5  1/2-1/2

[Event "ch-Euro Rapid Women"]
[Site "Predeal ROM"]
[Date "2007.08.08"]
[Round "6"]
[White "Hryhorenko,N"]
[Black "Doluhanova,E"]
[Result "1-0"]
[WhiteElo "2346"]
[BlackElo "2218"]

1.d4 d5 2.Nf3 Nf6 3.c4 c6 4.g3 e6 5.Bg2 Nbd7 6.O-O Bd6 7.Qc2 O-O 8.b3 Qe7
9.Nc3 a6 10.e4 dxe4 11.Nxe4 Nxe4 12.Qxe4 e5 13.dxe5 Nxe5 14.Bb2 Nxf3+ 15.Qxf3 Qg5
16.Rfe1 Bg4 17.Qc3 Rad8 18.h4 Qg6 19.c5 Bb8 20.Be4 Qh6 21.Bc2 Rd5 22.b4 Rd7
23.Re3 Be6 24.Rae1 Bxa2 25.Bf5 Rdd8 26.Re7 Bd5 27.Rxb7 f6 28.Ree7 Be5 29.Qe3 Rf7
30.Qxh6 gxh6 31.Bxe5 fxe5 32.Bxh7+ Kg7 33.Rxf7+ Bxf7 34.Be4 Kf6 35.Bxc6 Bc4
36.Bf3 Kf5 37.Rb6 e4 38.Bh5 Rd2 39.Rxh6 Rb2 40.Rb6 Rb1+ 41.Kh2 e3 42.g4+ Kf4
43.fxe3+ Kxe3 44.Rb8 Bd5 45.Re8+ Kf2 46.Rf8+ Ke3 47.Re8+ Kf2 48.Rf8+ Ke3
49.Re8+ Kf2 50.Rf8+ Ke3 51.g5 Rh1+ 52.Kg3 Rg1+ 53.Kh3 Rh1+ 54.Kg4 Rg1+ 55.Kf5 Rf1+
56.Ke5 Rxf8 57.Kxd5 Rh8 58.Bf7 Rxh4 59.g6 Rg4 60.c6 Kd3 61.c7 Rd4+ 62.Ke5 Re4+
63.Kd6  1-0

[Event "Open"]
[Site "Callao PER"]
[Date "2007.08.09"]
[Round "2"]
[White "Pazos Gambarrotti,P"]
[Black "Cotrina Moscoso,W"]
[Result "1-0"]
[WhiteElo "2348"]
[BlackElo "2183"]

1.d4 d5 2.c4 c6 3.Qc2 Nf6 4.Nf3 g6 5.Bg5 Bg7 6.Nbd2 O-O 7.e3 Be6 8.Be2 Nbd7
9.O-O Rc8 10.b4 b5 11.cxb5 cxb5 12.Qb2 Qb6 13.Nb3 h6 14.Bh4 g5 15.Bg3 Ne4
16.Rac1 h5 17.Rxc8 Rxc8 18.Rc1 Rc4 19.Bxc4 bxc4 20.Nbd2 Nxd2 21.Qxd2 h4 22.Nxg5 hxg3
23.hxg3 Bf5 24.a4 Bd3 25.Nh3 e5 26.dxe5 Nxe5 27.Nf4 Be4 28.Nxd5 Qd6 29.Rd1 Nd3
30.Nc3 Bg6 31.Na2 Qe5 32.Qe2 Qb2 33.Qxb2 Bxb2 34.f3 Ba3 35.b5 Bc5 36.a5 Bxe3+
37.Kh2 Bd4 38.Nb4 Bc5 39.Nd5 Bd4 40.a6 f5 41.b6 Bf7 42.b7 Be5 43.Ne7+ Kg7
44.Nc6 Bc7 45.Nxa7 Be8 46.Nb5  1-0

[Event "Open"]
[Site "Callao PER"]
[Date "2007.08.09"]
[Round "2"]
[White "Cabrera Huaman,A"]
[Black "Vasquez,R"]
[Result "1/2-1/2"]
[WhiteElo "2268"]
[BlackElo "2522"]

1.d4 Nf6 2.c4 c6 3.Nf3 d5 4.g3 e6 5.Bg2 Nbd7 6.Qc2 b6 7.O-O Bb7 8.Nc3 Be7
9.b3 O-O 10.Rd1 Rc8 11.e4 h6 12.e5 Ne8 13.h4 Nc7 14.Bf4 c5 15.dxc5 bxc5 16.Nh2 Nb6
17.Ng4 f5 18.exf6 Bxf6 19.Rac1 Qe7  1/2-1/2

[Event "Arctic Chess Challenge"]
[Site "Tromso NOR"]
[Date "2007.08.09"]
[Round "6"]
[White "Epishin,V"]
[Black "Thomassen,J"]
[Result "1-0"]
[WhiteElo "2587"]
[BlackElo "2075"]

1.d4 d5 2.c4 c6 3.Nf3 Nf6 4.Qb3 dxc4 5.Qxc4 e6 6.Bg5 b5 7.Qc2 Bb7 8.Nbd2 Nbd7
9.e4 Qb6 10.a4 a6 11.Be2 c5 12.axb5 axb5 13.Rxa8+ Bxa8 14.O-O Be7 15.Rc1 h6
16.Bxf6 gxf6 17.Qb3 Bc6 18.d5 exd5 19.exd5 c4 20.Nxc4 Bxd5 21.Nxb6 Bxb3 22.Bxb5 Be6
23.Nd4 Bg4 24.h3  1-0

[Event "ch-Tula"]
[Site "Tula RUS"]
[Date "2007.08.09"]
[Round "7"]
[White "Domogaev,S"]
[Black "Yagupov,I"]
[Result "0-1"]
[WhiteElo "2360"]
[BlackElo "2494"]

1.d4 d5 2.c4 c6 3.Nf3 Nf6 4.Qb3 dxc4 5.Qxc4 Bf5 6.Nc3 e6 7.g3 Be7 8.Bg2 Nbd7
9.O-O O-O 10.Nh4 Nb6 11.Qb3 Qxd4 12.Nxf5 exf5 13.a4 Qc4 14.Qc2 g6 15.b3 Qe6
16.Rd1 Rfd8 17.Bb2 Rxd1+ 18.Rxd1 a5 19.e3 Rd8 20.Rxd8+ Bxd8 21.Ne2 Nbd5 22.Nd4 Qd7
23.h4 h5 24.Bf3 Be7 25.Qd2 Bb4 26.Qc2 Bf8 27.Qc4 Bg7 28.Qc5 Qc7 29.Ne2 Nd7
30.Qc1 Bxb2 31.Qxb2 N5f6 32.Qc2 Qe5 33.Qd2 Qa1+ 34.Kg2 Ne5 35.Qd8+ Kg7 36.Nd4 Nxf3
37.Nxf3 Qb2 38.Qxa5 Qxb3 39.Qc7 Ng4 40.Ng5 Qa2 41.Qf4 Qd5+ 42.Kg1 c5 43.a5 Ne5
44.e4 Qd4 45.exf5 Qxf4 46.gxf4 Nc6 47.fxg6 Kxg6 48.Ne4 c4 49.f5+ Kg7 50.a6 bxa6
51.Kf1 Nd4 52.Nd6 c3 53.Ke1 c2 54.Kd2 Kf6 55.Nb7 Kxf5 56.Nc5 a5 57.Nd3 f6
58.Kc3 Ke4 59.Nc1 Nf5 60.Kxc2 Kf3 61.Nb3 Nxh4 62.Nc5 Ng6 63.Nb3 h4 64.Nd2+ Kg2
65.Kd3 h3 66.Ne4 f5  0-1

[Event "Open"]
[Site "Callao PER"]
[Date "2007.08.12"]
[Round "6"]
[White "Pazos Gambarrotti,P"]
[Black "Vasquez,R"]
[Result "1/2-1/2"]
[WhiteElo "2348"]
[BlackElo "2522"]

1.Nf3 d5 2.d4 Nf6 3.c4 c6 4.Qc2 dxc4 5.Qxc4 Bg4 6.Nbd2 Nbd7 7.e3 Qc7 8.h3 Bh5
9.Be2 e6 10.O-O Be7 11.Qc2 O-O 12.b3 Rac8 13.Bb2 Rfd8 14.Rfc1 Qb8 15.Qd1 c5
16.Ne5 Nxe5 17.dxe5 Ne4 18.Rc2 Bg6 19.Qc1 Nxd2  1/2-1/2

[Event "New England Masters"]
[Site "Peabody USA"]
[Date "2007.08.13"]
[Round "1"]
[White "Burnett,R"]
[Black "Shankland,S"]
[Result "1/2-1/2"]
[WhiteElo "2373"]
[BlackElo "2166"]

1.d4 d5 2.c4 c6 3.Nf3 Nf6 4.Qc2 g6 5.Bf4 Bg7 6.Nc3 O-O 7.e3 a6 8.Qb3 dxc4
9.Bxc4 b5 10.Bd3 c5 11.Be2 c4 12.Qa3 Bb7 13.b3 cxb3 14.Qxb3 Nd5 15.Nxd5 Bxd5
16.Qa3 Nc6 17.O-O Qb6 18.Rac1 Rfc8 19.Bd3 Qa5 20.Qxa5 Nxa5 21.Nd2 e6 22.Be4 Bf8
23.Bxd5 exd5 24.f3 Ba3 25.Rc7 Rxc7 26.Bxc7 Nc4 27.Nb1 Rc8 28.Bf4 Bd6 29.Bh6 Bf8
30.Bxf8 Kxf8 31.Rc1 Re8 32.Kf2 Nxe3 33.Nc3 b4 34.Ne2 Nxg2 35.Rc6 Nh4 36.Rxa6 Nf5
37.Nf4 Nxd4 38.Ra4 Nc6 39.Nxd5 Rd8 40.Nxb4 Nxb4 41.Rxb4 Rd2+ 42.Kg3 Rxa2
43.h4 h5 44.Rc4 Kg7 45.Rb4 Ra5 46.Rc4 Kh6 47.Rc6 Rf5 48.Rb6 Kg7 49.Ra6 f6
50.Ra7+ Kh6 51.Rf7 g5 52.hxg5+ Kxg5 53.Rg7+ Kh6 54.Rc7 Kg6 55.Rc8 Ra5 56.Rb8 Ra4
57.Rh8 Kg5 58.Rg8+ Kf5 59.Rh8 h4+ 60.Rxh4 Rxh4 61.Kxh4 Kf4 62.Kh5  1/2-1/2

[Event "Acropolis Open"]
[Site "Athens GRE"]
[Date "2007.08.14"]
[Round "1"]
[White "Kanakaris,G"]
[Black "Danielian,E"]
[Result "0-1"]
[WhiteElo "2216"]
[BlackElo "2439"]

1.d4 d5 2.c4 c6 3.Nf3 dxc4 4.e3 Be6 5.Nbd2 Qa5 6.Be2 Nf6 7.O-O b5 8.a4 g6
9.e4 Bg7 10.Ng5 Bd7 11.e5 Nd5 12.Bg4 h6 13.Bxd7+ Nxd7 14.Nxf7 Kxf7 15.e6+ Kxe6
16.Qg4+ Kf7 17.Qxd7 Qc7 18.Qg4 Qf4 19.Qe2 Qxd4 20.axb5 cxb5 21.Ra6 Qe5 22.Ne4 Nb4
23.Ra3 Nd3 24.Bd2 Rhf8 25.Bc3 Qe6 26.Bxg7 Kxg7 27.Qe3 a5 28.Qd4+ Kh7 29.Qe3 Ra6
30.Rxa5 Rb6 31.Ra7 Rf7 32.Rb7 Ra6 33.Ra7 Nf4 34.Rxa6 Qxa6 35.g3 Nd3 36.Nc5 Nxc5
37.Qxc5 h5 38.h4 e6 39.Qb4 Qb6 40.Qc3 Qc5 41.Qd2 Qd5 42.Qb4 g5 43.hxg5 h4
44.Qc3 Rf3 45.Qc2+ Rd3 46.gxh4 Qf3 47.Re1 Qg4+ 48.Kf1 Qh3+ 49.Kg1 Qxh4 50.Re3 Qxg5+
51.Kf1 Qf5 52.Qe2 Rxe3 53.Qxe3 Kg6 54.Qg3+ Kf6 55.Qc3+ Kf7 56.Ke2 Qe4+ 57.Kd2 e5
58.Qa3 Qd4+ 59.Ke2 Qe4+ 60.Kd2 Qd5+ 61.Ke2 Kg6 62.Qg3+ Kf6 63.Qh4+ Ke6 64.Qh3+ Kd6
65.Qa3+ Qc5 66.Qa6+ Kc7 67.Qa5+ Kb7 68.Ke1 Qd5 69.Qb4 Kb6 70.Ke2 Qd3+ 71.Ke1 Kc6
72.Qa5 Qb1+ 73.Ke2 Qxb2+ 74.Ke3 Qb3+ 75.Ke4 Qd3+ 76.Kxe5 Qe2+ 77.Kf6 Qxf2+
78.Ke6 Qb6 79.Qc3 Qc5 80.Qd2 c3 81.Qd7+ Kb6 82.Qd8+ Qc7 83.Qd4+ Ka5 84.Qd1 Qc4+
85.Ke5 c2 86.Qa1+ Kb6 87.Qc1 b4  0-1